| 000 | 00000nam##2200000za#4500 |
| 001 | 9.632941 |
| 003 | CaOODSP |
| 005 | 20210624215100 |
| 007 | cr ||||||||||| |
| 008 | 150407|2001||||xxc|||||o f|0| 0 fre|d |
| 040 | |aCaOODSP|bfre |
| 043 | |an-cn--- |
| 086 | 1 |aSW21-77/2001F-PDF |
| 110 | 1 |aCanada. |bCondition féminine Canada. |
| 245 | 10|aL'autonomie et la sécurité économiques des femmes : |h[ressource électronique]|bun cadre stratégique fédéral, provincial et territorial / |c[publié par] les Ministres fédéral, provinciaux et territoriaux responsables de la Condition féminine. |
| 260 | |aOttawa - Ontario : |bCondition féminine Canada |c2001. |
| 300 | |a40p.|bglossaire |
| 500 | |a«Ce cadre stratégique présente les principaux facteurs qui ont une incidence sur l'autonomie et la sécurité économique des femmes à partir des récentes tendances socio-économiques observées au Canada. De plus, il établit le programme du Forum pour les prochaines années dans la perspective de l'égalité économique pour toutes les femmes.»--Page iii. |
| 500 | |aLe n° de catalogue et l’ISBN de l'édition imprimée bilingue ont été incorrectement copiés dans l’édition électronique. |
| 590 | |a06-10-Supp|b2006-12-15 |
| 691 | 07|aCondition de la femme|2gcpds |
| 691 | 07|aConditions économiques|2gcpds |
| 691 | 07|aConditions sociales|2gcpds |
| 691 | 07|aEmploi|2gcpds |
| 691 | 07|aTravail non rémunéré|2gcpds |
| 775 | 08|tWomen's economic independence and security : |w(CaOODSP)9.688515 |
| 776 | 0#|tWomen's economic independence and security : |w(CaOODSP)9.662577 |
| 776 | 0#|tL'autonomie et la sécurité économiques des femmes : |w(CaOODSP)9.662578 |
| 856 | 40|ahttp://publications.gc.ca|qPDF|s916 Ko|uhttps://publications.gc.ca/collections/Collection/SW21-77-2001F.pdf |